Statistics for Dictators by Picture

Click here to take the quiz!

General Stats

  • This quiz has been taken 10,400 times
    (10,352 since last reset)
  • The average score is 12 of 20

Answer Stats

Answer % Correct
Adolf Hitler
99%
Napoleon Bonaparte
94%
Kim Jong-il
93%
Joseph Stalin
92%
Mao Zedong
92%
Fidel Castro
89%
Saddam Hussein
82%
Benito Mussolini
81%
Muammar Gaddafi
77%
Robert Mugabe
61%
Xi Jinping
57%
Bashar Al-Assad
51%
Francisco Franco
50%
Leonid Brezhnev
35%
Nicolás Maduro
26%
Manuel Noriega
24%
Augusto Pinochet
24%
Suharto
21%
Mobutu Sese Seko
15%
Chiang Kai-Shek
15%

Score Distribution

Percentile by Number Answered

Percent of People with Each Score

Your Score History

You have not taken this quiz since the last reset